Statistics for Countries by Tallest Building

Click here to take the quiz!

General Stats

  • This quiz has been taken 13 times
  • The average score is 7 of 16

Answer Stats

Answer% Correct
USA
100%
United Arab Emirates
89%
Taiwan
67%
North Korea
56%
Saudi Arabia
44%
Canada
33%
Estonia
33%
India
33%
Kuwait
33%
Malaysia
33%
South Korea
33%
Armenia
22%
Kenya
22%
Russia
22%
Spain
22%
United Kingdom
22%

Score Distribution

Percentile by Number Answered

Percent of People with Each Score

Your Score History

You have not taken this quiz